000 007430000a22002290004500
001 46770
010 _a972-680-633-X
100 _a20150127d1961 k y0pory5003 ba
101 0 _apor
102 _aPT
200 1 _aVerdade e política
_etexto integral: 12.º - Ensino Secundário
_fHannah Arendt
_gtradução, apresentação e guião analítico Luís Lourenço
210 _aLisboa
_cLisboa Editora
_d2005
215 _a159 p.
304 _aTít. orig.: "Truth and politics"...
606 _aPolítica
606 _aManual
675 _a32
_zpor
675 _a321(042)
_vBN
_zpor
700 1 _aArendt
_bHannah
_f1906-1975
702 1 _928596
_4570
_aLourenço
_bLuís
090 _a46770
942 _cMON
_n0
999 _a46770